00682 2200229 4500001002100000005001500021035002000036007000300056008004100059020002200100082000800122084001400130100002200144245010400166250000600270260003600276300006400312650002600376700001800402990001600420990001600436INLIS00000000000199320250814105156 a0010-0825000269ta250814 g 0 ind  a978-979-28-0724-0 a500 a500 ANI i0 aAnis Dyah Rufaida1 aIntisari Pengetahuan Alam SD-SMP-SMA /cAnis Dyah Rufaida (Penulis); Rohana Kusumawati (Penyunting) a- aKlaten :bIntan Pariwara,c2011 aiv; 196 Halaman :bIlustrasi Berwarna; teks; tabel ;c25 cm 4aIlmu Pengetahuan Alam0 aGut Windarsih a00000002933 a00000002932